Recycling Waste as a Means to Cure Cultural Trauma in the Art Museum

Elmentve itt :
Bibliográfiai részletek
Szerző: Kérchy Anna
Dokumentumtípus: Könyv része
Megjelent: Universitätsverlag Winter Heidelberg 2012
Sorozat:The Museal Turn
mtmt:2241004
Online Access:http://publicatio.bibl.u-szeged.hu/21594
LEADER 00733naa a2200193 i 4500
001 publ21594
005 20210607090833.0
008 210607s2012 hu o 0|| zxx d
020 |a 9783825360979 
024 7 |a 2241004  |2 mtmt 
040 |a SZTE Publicatio Repozitórium  |b hun 
041 |a zxx 
100 1 |a Kérchy Anna 
245 1 0 |a Recycling Waste as a Means to Cure Cultural Trauma in the Art Museum  |h [elektronikus dokumentum] /  |c  Kérchy Anna 
260 |a Universitätsverlag Winter  |b Heidelberg  |c 2012 
300 |a 15 
300 |a 235-246 
490 0 |a The Museal Turn 
856 4 0 |u http://publicatio.bibl.u-szeged.hu/21594/1/Recycling%20Waste%20as%20a%20Means%20to%20Cure%20Cultural%20Trauma%20in%20the%20Art%20Museum.pdf  |z Dokumentum-elérés